000 01137cam a2200229 4500
001 WB3817-13
008 020507n2002 000 0 eng u
035 _a(Sirsi) u117843
245 _aDTLR report calls for mixed use focus
260 _c2002
490 _aUrban Environment Today
_v(146) 2 May 2002, 1(1)
520 _aA report commissioned by the DTLR calls for a change in the approach to achieving a mix of uses in towns other than building mixed use developments. It also highlights that many of the barriers to mixed use development have been overstated. The report suggests small scale developments, that in the bigger picture, create a more attractive town centre and greater housing choice. "Mixed use development: practice and potential" is available at http://www.planning.dtlr.gov.uk/mudpp/index.htm
590 _aWB
650 _aMIXED-USE DEVELOPMENTS
650 _aTOWN CENTRES
650 _aAffordable housing
_96215
650 _aSUSTAINABLE DEVELOPMENT
650 _aLOCAL AUTHORITIES
650 _aPLANNING POLICY
690 _aENVIRONMENTAL AND LAND CONSULTANCY-PLANNING AND DEVELOPMENT
942 _n0
999 _c70170
_d70170